LEADER 02828nam0 22005533i 450 001 RAV0298787 005 20251003044329.0 100 $a19970801d1989 ||||0itac50 ba 101 | $aita$cita 102 $ait 181 1$6z01$ai $bxxxe 182 1$6z01$an 183 1$6z01$anc$2RDAcarrier 200 1 $aˆGli ‰imperialismi in rotta di collisione$eapocalisse o socialismo$fMario Caruso 210 $aTorre Annunziata$cLa Femina$d1989 215 $a581 p.$d24 cm 500 10$aˆGli ‰imperialismi in rotta di collisione$3RAV2046024$9RAVV101345$9887521 606 $aSistemi economici$2FIR$3CFIC045638$9E 676 $a171$9$v21 676 $a320.01$9SCIENZA POLITICA. Filosofia e teoria$v20 676 $a320.531$9TEORIE E IDEOLOGIE POLITICHE. SOCIALISMO$v19 676 $a320.531$9IDEOLOGIE POLITICHE. SOCIALISMO$v21 676 $a325.32$9Imperialismo$v20 676 $a330.1$9ECONOMIA. SISTEMI, SCUOLE, TEORIE$v21 676 $a330.12$9SISTEMI ECONOMICI$v12 676 $a330.12$9ECONOMIA. SISTEMI$v21 676 $a330.12$9ECONOMIA. SISTEMI.$v22 676 $a330.122$9SISTEMI ECONOMICI. ECONOMIA DELLA LIBERA IMPRESA$v21 700 1$aCaruso$b, Mario$3RAVV101345$4070$0184279 801 3$aIT$bIT-000000$c19970801 850 $aIT-BN0095 $aIT-SA0037 $aIT-SA0200 $aIT-NA0243 $aIT-NA0299 $aIT-AV0003 $aIT-AV0007 $aIT-NA0311 $aIT-NA0079 $aIT-NA0070 $aIT-CE0072 $aIT-CE0068 $aIT-SA0111 $aIT-NA0097 901 $bNAP 42$cS. MODERNA$n$ 901 $bNAP BN$cMAGAZZINO $nmagazzini correnti divisi per anni 901 $bNAP 63$cDONO $n$ 901 $bNAP CP$cFM $n$ 901 $bNAP BE$cBIBLIOTECA$n$ 901 $bNAP 67$cSALA B $nComprende monografie di vario argomento 901 $bNAP CE$cBIBL.SOPR.$n$ 901 $bNAP SP$cNF. $nNUOVO FONDO 901 $bNAP AV$cSEZ. M $nSezione Moderna 901 $bNAP CS$cSEZ. CONS.$n$ 901 $bNAP 01$cPOZZO LIB.$nVi sono collocati fondi di economia, periodici di ingegneria e scienze, periodici di economia e statistica e altri fondi comprendenti documenti di economia pervenuti in dono. 901 $bNAP AG$cII $n$ 912 $aRAV0298787 950 0$aBiblioteca Centralizzata di Ateneo$c1 v.$d 01POZZO LIB.ECON MON 3487$e 0101 0000123915E VMA 1 v.$fB $h20210319$i20210319 950 0$aCentro Librario e Bibliotecario per la Diffusione della cultura$d 67SALA B B XII 92$e 67 0000088475 VMA A4 1 v.$fA $h20130408$i20130408 977 $a 01$a 42$a 63$a 67$a AG$a AR$a AV$a BE$a BN$a BU$a CE$a CP$a CS$a SP 996 $aImperialismi in rotta di collisione$9887521 997 $aUNISANNIO